Automating library acquisitions, issues and outlook /

Bibliographic Details
Main Author: Boss, Richard W.
Format: Book
Language:English
Published: White Plains, N.Y. : Knowledge Industry Publications, [1982]
Series:Professional librarian series.
Subjects:

MARC

Tag First Indicator Second Indicator Subfields
LEADER 00000pam a2200000 a 4500
001 in00000088367
005 20151008063149.0
008 820428s1982 nyu b 00110 eng
010 |a  82008941  
020 |a 0867290064 (pbk.) :  |c $27.50 
035 |a (OCoLC)08452691 
035 |9 AAK1710AM 
039 0 |a 2  |b 3  |c 3  |d 3  |e 3 
040 |a DLC  |c DLC  |d TXA  |d UtOrBLW 
049 |a TXAM  |c [802480] 
050 0 0 |a Z689  |b .B74 1982 
082 0 |a 025.2/028/54  |2 19 
100 1 |a Boss, Richard W. 
245 1 0 |a Automating library acquisitions, issues and outlook /  |c by Richard W. Boss. 
264 1 |a White Plains, N.Y. :  |b Knowledge Industry Publications,  |c [1982] 
264 4 |c ©1982 
300 |a 135 pages ;  |c 28 cm. 
336 |a text  |b txt  |2 rdacontent 
337 |a unmediated  |b n  |2 rdamedia 
338 |a volume  |b nc  |2 rdacarrier 
490 1 |a Professional librarian series 
500 |a Includes index. 
504 |a Bibliography: pages 129-131. 
650 0 |a Acquisitions (Libraries)  |x Automation. 
830 0 |a Professional librarian series. 
999 |a MARS 
999 f f |s 619ef8a8-f62b-35b2-87a2-25a78f3addf4  |i 68c2d79c-7633-3d09-9cd2-807c33633f63  |t 0 
952 f f |p ric  |a Texas A&M University  |b Rellis Campus  |c Joint Library Facility  |d Remote Storage  |t 0  |e Z689 .B74 1982  |h Library of Congress classification  |i unmediated -- volume  |m A14805922505 
998 f f |a Z689 .B74 1982  |t 0  |l Remote Storage